Quattro Pro 5 made easy

Bibliographic Details
Main Author: Biow, Lisa
Format: Book
Published: New York : Osborne McGraw-Hill , 1994
Series:Covers Quattro Pro Release 4 & 5
Subjects:

MARC

LEADER 00000cam a2200000 7i4500
001 0000002733
002 000002963
005 20000330.0
020 |a 0078819636 
090 0 0 |a 650.02855369   |b BIO 
100 1 |a Biow, Lisa 
245 0 0 |a Quattro Pro 5 made easy   |c Lisa Biow and Deborah Craig 
260 |a New York :   |b Osborne McGraw-Hill ,   |c 1994 
300 |a 500p. ;   |c 23cm. 
490 0 |a Covers Quattro Pro Release 4 & 5 
650 0 0 |a Quattro Pro 5 
999 |a 035551   |b BUKU   |c PINJAMAN   |e PERPUSTAKAAN KOMUNITI PETALING JAYA 
999 |a 035552   |b BUKU   |c PINJAMAN   |e PERPUSTAKAAN KOMUNITI PETALING JAYA